[Event "Sinquefield Cup 2023"]
[Site "Saint Louis"]
[Date "28.11.2023"]
[Round "7"]
[White "Nepomniachtchi, Ian"]
[Black "Firouzja, Alireza"]
[Result "1/2-1/2"]
[WhiteElo "2771"]
[BlackElo "2777"]
[EventDate "2023.11.19"]

1. d4 d5 2. c4 c6 3. Nf3 Nf6 4. e3 Bf5 5. Nc3 e6 6. Nh4 Be4 7. f3 Bg6 8.
Qb3 Qc7 9. cxd5 cxd5 10. Bd2 Nc6 11. Nxg6 hxg6 12. O-O-O Be7 13. Kb1 a6 14.
Rc1 Rc8 15. Bd3 Nd7 16. Ne2 b5 17. a4 bxa4 18. Qxa4 Nb6 19. Qxa6 Ra8 20.
Qb5 Kd7 21. Rc3 Na4 22. Rxc6 Qxc6 23. Rc1 Qxb5 24. Bxb5+ Kd8 25. Rc6 Nxb2
26. Kxb2 Rxh2 27. e4 dxe4 28. fxe4 Rxg2 29. Bf4 Rc8 30. Rb6 g5 31. Bb8 Bb4
32. Rb7 Ba5 33. Bd6 Bc7 34. e5 f6 35. Kb3 fxe5 36. dxe5 Rg4 37. Bc5 Rb8 38.
Rxb8+ Bxb8 39. Nd4 Kc8 40. Ba6+ Kd7 41. Bb5+ Kc8 42. Ba6+ Kd7 43. Bb5+ Kc8
1/2-1/2

[Event "Sinquefield Cup 2023"]
[Site "Saint Louis"]
[Date "28.11.2023"]
[Round "7"]
[White "Dominguez, Leinier"]
[Black "Rapport, Richard"]
[Result "1-0"]
[WhiteElo "2745"]
[BlackElo "2748"]
[EventDate "2023.11.19"]

1. e4 c6 2. d4 d5 3. e5 Bf5 4. Nf3 e6 5. Be2 Nd7 6. O-O a5 7. Ne1 a4 8. c3
Qb6 9. Bd3 Bg6 10. Nd2 Ne7 11. Ndf3 c5 12. Rb1 Bh5 13. Be3 Nc6 14. a3 Be7
15. h3 Qc7 16. Be2 Bg6 17. Bd3 Bh5 18. Be2 Bg6 19. Bd3 b5 20. g3 cxd4 21.
cxd4 Nb6 22. Bxg6 hxg6 23. h4 Nc4 24. Bg5 f6 25. Bf4 g5 26. hxg5 fxe5 27.
dxe5 Bc5 28. Nd3 Bb6 29. g6 Ne7 30. Ng5 Qd7 31. Nf7 Rf8 32. Qh5 d4 33. Nd6+
Kd8 34. Rbc1 Qc6 35. Nb4 1-0

[Event "Sinquefield Cup 2023"]
[Site "Saint Louis"]
[Date "29.11.2023"]
[Round "8"]
[White "Rapport, Richard"]
[Black "Aronian, Levon"]
[Result "1/2-1/2"]
[WhiteElo "2748"]
[BlackElo "2727"]
[EventDate "2023.11.19"]

1. e4 e5 2. Nf3 Nc6 3. Bc4 Bc5 4. Nc3 Nf6 5. d3 O-O 6. Bg5 h6 7. Bh4 Be7 8.
a4 d6 9. Bxf6 Bxf6 10. Nd5 g6 11. h4 Bg7 12. h5 g5 13. Ne3 Ne7 14. Nd2 c6
15. g4 d5 16. Bb3 Kh8 17. Ndf1 Qa5+ 18. Qd2 Qxd2+ 19. Kxd2 Rd8 20. Ng3 dxe4
21. Nxe4 f5 22. gxf5 Nxf5 23. Nxf5 Bxf5 24. Rae1 a5 25. Nc5 b6 26. Ne6 Bxe6
27. Bxe6 Rf8 28. Rhf1 Rad8 29. Re4 Rd4 30. c3 Rd6 31. Bg4 Rfd8 32. Be2 c5
33. Kc2 Kg8 34. Kb3 Kf7 35. Kc4 Rf8 36. Re3 Ke7 37. Rf3 Kd8 38. Rxf8+ Bxf8
39. Bg4 Rf6 40. f3 Bd6 41. Re1 Kc7 42. Kd5 Kb7 43. Re4 Kc7 44. Rc4 Kb7 45.
b3 Bc7 46. b4 cxb4 47. cxb4 b5 48. axb5 a4 49. Rc6 Rxc6 50. bxc6+ Kb6 51.
Kc4 Kxc6 52. Be6 Bd6 53. Kc3 a3 54. Bc4 Kb6 55. Be6 Kc6 56. Bc4 Kb6 57. Be6
Kc6 1/2-1/2

[Event "Sinquefield Cup 2023"]
[Site "Saint Louis"]
[Date "29.11.2023"]
[Round "8"]
[White "Giri, Anish"]
[Black "Caruana, Fabiano"]
[Result "1/2-1/2"]
[WhiteElo "2752"]
[BlackElo "2795"]
[EventDate "2023.11.19"]

1. d4 Nf6 2. c4 e6 3. Nf3 d5 4. g3 Be7 5. Bg2 O-O 6. O-O c6 7. Qc2 b6 8.
Bf4 Bb7 9. Rd1 Nbd7 10. Ne5 Nh5 11. Bd2 Nhf6 12. Bf4 Nh5 13. Bd2 Nhf6 14.
Bf4 1/2-1/2

[Event "Sinquefield Cup 2023"]
[Site "Saint Louis"]
[Date "29.11.2023"]
[Round "8"]
[White "Dominguez, Leinier"]
[Black "Vachier Lagrave, Maxime"]
[Result "1/2-1/2"]
[WhiteElo "2745"]
[BlackElo "2734"]
[EventDate "2023.11.19"]

1. e4 c5 2. Nf3 e6 3. d4 cxd4 4. Nxd4 Nf6 5. Nc3 Nc6 6. Ndb5 d6 7. Bf4 e5
8. Bg5 a6 9. Na3 b5 10. Nd5 Be7 11. Bxf6 Bxf6 12. c3 Ne7 13. Nxf6+ gxf6 14.
Nc2 Bb7 15. Bd3 d5 16. Qe2 f5 17. exf5 e4 18. f6 Nf5 19. f3 Qxf6 20. O-O
Qb6+ 21. Kh1 Qh6 22. Kg1 Qb6+ 23. Kh1 Qh6 24. Kg1 Qb6+ 1/2-1/2

[Event "Sinquefield Cup 2023"]
[Site "Saint Louis"]
[Date "29.11.2023"]
[Round "8"]
[White "So, Wesley"]
[Black "Nepomniachtchi, Ian"]
[Result "1/2-1/2"]
[WhiteElo "2752"]
[BlackElo "2771"]
[EventDate "2023.11.19"]

1. d4 Nf6 2. c4 e6 3. Nc3 Bb4 4. Qc2 O-O 5. e4 d5 6. e5 Ne4 7. Bd3 c5 8.
Nf3 cxd4 9. Nxd4 Nd7 10. Bf4 Qh4 11. g3 Qh5 12. O-O g5 13. cxd5 Nxc3 14.
dxe6 gxf4 15. exd7 Bxd7 16. bxc3 fxg3 17. hxg3 Rac8 18. Bf5 Bxc3 19. Qd1
Qxd1 20. Raxd1 Rc4 21. Bxd7 Rxd4 22. e6 fxe6 23. Bxe6+ Kg7 24. Rxd4 Bxd4
25. Kg2 Rf6 26. Bb3 b5 27. f4 a5 28. Rd1 Rd6 29. a4 b4 30. Kf3 Bc5 31. Rxd6
Bxd6 32. g4 h6 33. Ke4 Kf6 34. Bc4 Bc7 35. Bb3 Bd6 36. Bc4 Bc7 37. Bb3 Bd6
1/2-1/2

[Event "Sinquefield Cup 2023"]
[Site "Saint Louis"]
[Date "30.11.2023"]
[Round "9"]
[White "Nepomniachtchi, Ian"]
[Black "Giri, Anish"]
[Result "1/2-1/2"]
[WhiteElo "2771"]
[BlackElo "2752"]
[EventDate "2023.11.19"]

1. e4 e5 2. Nf3 Nc6 3. Bc4 Nf6 4. d3 Bc5 5. O-O d6 6. c3 a5 7. Re1 O-O 8.
h3 Be6 9. Bb5 Ba7 10. Be3 Bxe3 11. Rxe3 Ne7 12. d4 Ng6 13. Bf1 h5 14. c4
Nh7 15. Nc3 Ng5 16. Nxg5 Qxg5 17. Rg3 Qh4 18. dxe5 dxe5 19. Qb3 Rab8 20.
Qb5 c6 21. Qxa5 Rfd8 22. Qb6 Rd2 23. a4 Qd8 24. c5 Qxb6 25. cxb6 Rxb2 26.
a5 Ra8 27. a6 Rxb6 28. Na4 Rbxa6 29. Bxa6 Rxa6 30. Rga3 Ra5 31. Nb2 Rb5 32.
Nd3 b6 33. g3 Bxh3 34. f4 exf4 35. gxf4 Bg4 36. Kf2 Kh7 37. Rc1 Ne7 38. Ra7
Rb3 39. Ne5 Nc8 40. Ra4 f6 41. Nxg4 hxg4 42. f5 Nd6 43. Rg1 b5 44. Rd4 Nc4
45. Rxg4 Rb2+ 46. Ke1 Rb1+ 47. Ke2 Rb2+ 48. Ke1 Rb1+ 49. Ke2 Rb2+ 50. Ke1
1/2-1/2

[Event "Sinquefield Cup 2023"]
[Site "Saint Louis"]
[Date "30.11.2023"]
[Round "9"]
[White "Vachier Lagrave, Maxime"]
[Black "Firouzja, Alireza"]
[Result "1/2-1/2"]
[WhiteElo "2734"]
[BlackElo "2777"]
[EventDate "2023.11.19"]

1. e4 e5 2. Nf3 Nc6 3. Bb5 Nf6 4. O-O Nxe4 5. Re1 Nd6 6. Nxe5 Be7 7. Bf1
Nxe5 8. Rxe5 O-O 9. d4 Bf6 10. Re1 Re8 11. Bf4 Rxe1 12. Qxe1 Ne8 13. Nc3
Bxd4 14. Nd5 d6 15. Bg5 f6 16. Bh4 g5 17. Qe4 Bxb2 18. Re1 Be5 19. f4 gxh4
20. fxe5 dxe5 21. Bd3 Bf5 22. Qxf5 Qxd5 23. Qxh7+ Kf8 24. Qh6+ Ke7 25. Qh7+
Kf8 26. Qh6+ Ke7 27. Qh7+ Kf8 28. Qh6+ 1/2-1/2

[Event "Sinquefield Cup 2023"]
[Site "Saint Louis"]
[Date "30.11.2023"]
[Round "9"]
[White "Aronian, Levon"]
[Black "Dominguez, Leinier"]
[Result "1/2-1/2"]
[WhiteElo "2727"]
[BlackElo "2745"]
[EventDate "2023.11.19"]

1. e4 e5 2. Nf3 Nc6 3. Bb5 Nf6 4. d3 Bc5 5. O-O d6 6. Nc3 Bd7 7. Na4 Bb6 8.
c3 h6 9. Re1 O-O 10. Nxb6 axb6 11. Nd2 Re8 12. Nf1 Ne7 13. Bxd7 Qxd7 14. d4
Ng6 15. Ng3 b5 16. f3 Rad8 17. dxe5 Nxe5 18. Bf4 c5 19. Qd2 d5 20. Bxe5
Rxe5 21. Rad1 dxe4 22. Qxd7 Rxd7 23. Nxe4 Rxd1 24. Nxf6+ gxf6 25. Rxd1 Re2
26. Rd5 Rxb2 27. Rxc5 Rxa2 28. Rxb5 Rc2 29. Rxb7 Rxc3 30. Rb8+ Kg7 31. Rb7
Kg8 32. Rb8+ Kg7 33. Rb7 Kg8 1/2-1/2

[Event "Sinquefield Cup 2023"]
[Site "Saint Louis"]
[Date "30.11.2023"]
[Round "9"]
[White "Caruana, Fabiano"]
[Black "Rapport, Richard"]
[Result "1-0"]
[WhiteElo "2795"]
[BlackElo "2748"]
[EventDate "2023.11.19"]

1. d4 Nf6 2. c4 c6 3. Nf3 d5 4. Nc3 e6 5. e3 g6 6. Bd3 Bg7 7. O-O O-O 8. e4
dxe4 9. Bxe4 b5 10. Bd3 bxc4 11. Bxc4 Ba6 12. Bxa6 Nxa6 13. Qa4 Qb6 14. Bf4
Rfd8 15. Be5 Nb4 16. Rfd1 Nbd5 17. Qc2 Bf8 18. Ng5 Ng4 19. Bg3 Bg7 20. Nf3
Rac8 21. Ne4 c5 22. dxc5 Qxb2 23. Qxb2 Bxb2 24. Rab1 Bg7 25. Rdc1 Bh6 26.
Rc4 Bf8 27. c6 f5 28. Neg5 Re8 29. Rb7 Ne7 30. h3 Nf6 31. Nd4 h6 32. Ngxe6
Nxc6 33. Nxf8 Nxd4 34. Rxc8 Rxc8 35. Nxg6 Rc1+ 36. Kh2 Nc6 37. Bf4 Rc2 38.
Bxh6 Ne8 39. Ne7+ Kh7 40. Be3 1-0